Music Quiz

Random Music or Kpop Quiz

Kpop abs by Picture Quiz Stats

 Plays Quiz not verified by Sporcle

Challenge
Share
Tweet
Score 0/10 Timer 10:00
0 Plays Today
% Correct
Jay
85.9%
Jimin
82%
Lay
66.2%
Hyuk
61.7%
Ren
47.6%
Changmin
44.4%
Xiumin
35.8%
Jackson
35.7%
Ravi
18%
Yongguk
12.5%

You're not logged in!

Compare scores with friends on all Sporcle quizzes.
OR
Log In

You Might Also Like...

Show Comments

Extras

Created Jun 18, 2016ReportNominate
Tags:Kpop Quiz, Kpop Quiz

Top Quizzes Today


Score Distribution

Your Account Isn't Verified!

In order to create a playlist on Sporcle, you need to verify the email address you used during registration. Go to your Sporcle Settings to finish the process.

Report this User

Report this user for behavior that violates our Community Guidelines.

Details: